Music Quiz

Random Music Quiz
Score 0/200 Timer 10:00
1 Play Today
% Correct
a
85%
a
85%
the
85%
and
85%
a
85%
the
85%
the
85%
you
80.1%
you
80.1%
you
80.1%
you
80.1%
my
74.5%
my
74.5%
my
74.5%
my
74.5%
my
74.5%
my
74.5%
it
72.1%
it
72.1%
it
72.1%
to
69%
to
69%
to
69%
to
69%
to
69%
to
69%
to
69%
serious
68.4%
serious
68.4%
me
68.1%
me
68.1%
me
68.1%
me
68.1%
so
67.5%
so
67.5%
we
67.4%
we
67.4%
in
66%
in?
66%
in!
66%
oh
62.5%
oh
62.5%
your
62.4%
your
62.4%
your
62.4%
I
61.6%
I
61.6%
I
61.6%
I
61.6%
I
61.6%
I
61.6%
I
61.6%
like
59.7%
like
59.7%
like
59.7%
why
59.1%
know
58.8%
know
58.8%
know
58.8%
do
58.6%
do
58.6%
here
58.3%
it's
58.3%
it's
58.3%
take
58.1%
we're
58.1%
we're
58.1%
% Correct
time
57.9%
time
57.9%
see
57.7%
get
56.3%
get
56.3%
get
56.3%
at
56.2%
at
56.2%
not
56%
not
56%
both
55.8%
can
55.8%
both
55.8%
all
55.6%
all
55.6%
eyes
55.2%
that
55%
that
55%
look
54.7%
got
53.7%
got
53.7%
got
53.7%
got
53.7%
some
53.2%
some
53.2%
some
53.2%
some
53.2%
make
52.3%
make
52.3%
make
52.3%
make
52.3%
dream
51.9%
true
51.6%
baby
51.6%
baby
51.6%
hand
51.6%
true
51.6%
baby
51.6%
baby
51.6%
hand
51.6%
hand
51.6%
hand
51.6%
true
51.6%
true
51.6%
with
51.5%
give
51.4%
give
51.4%
come
51.3%
I'm
51.2%
of
51.2%
now
50.9%
now
50.9%
I've
50.5%
I've
50.5%
I've
50.5%
just
50%
just
50%
one
49.9%
but
49.5%
surprise
49.2%
planned
49.2%
planned
49.2%
dreams
48.7%
dreams
48.7%
dreams
48.7%
where
48.4%
where
48.4%
% Correct
have
47.2%
three
46.9%
three
46.9%
thought
46.9%
thought
46.9%
always
46.3%
future
46.2%
looking
46.2%
fear
45.5%
was
45.5%
was
45.5%
or
45.3%
plans
45.2%
fit
44.9%
fit
44.9%
law
44.7%
guess
44.3%
we've
44.3%
Kennedys
44.3%
kids
43.7%
calms
43.6%
break
43.6%
Here's
43.3%
here's
43.3%
here's
43.3%
never
43.2%
wide
42.8%
awake
42.8%
would
42.6%
leave
42.4%
then
42.4%
two
42.3%
life
42.3%
degree
42.2%
out
41.8%
I'll
41.7%
least
41.7%
let's
41.6%
speechless
41.5%
I'd
41.5%
I'd
41.5%
finished
41.2%
action
40.3%
understand
40.2%
our
40.1%
our
40.1%
since
39.5%
sorry
39.2%
down
38.6%
you'll
37.5%
house
37.5%
seat
37.4%
begin
37.2%
begin
37.2%
lives
37.1%
lives
37.1%
honey
37%
senate
37%
win
36.5%
back
36.2%
big
35.9%
neat
33.5%
white
32.5%
amenities
31.5%
east
30.6%
yes
29.8%
Remove Ads.
Support Sporcle.
Get the best of Sporcle when you Go Orange. This ad-free experience offers more features, more stats, and more fun while also helping to support Sporcle. Thank you for becoming a member.

You're not logged in!

Compare scores with friends on all Sporcle quizzes.
OR
Log In

Show Comments

Extras

Created Nov 9, 2010ReportNominate
Tags:blonde, Legally, Legally Blonde

Top Quizzes Today


Score Distribution

Your Account Isn't Verified!

In order to create a playlist on Sporcle, you need to verify the email address you used during registration. Go to your Sporcle Settings to finish the process.

Report this User

Report this user for behavior that violates our Community Guidelines.

Details: